A hero of our time /

Salvato in:
Dettagli Bibliografici
Autore principale: Lermontov, Mikhail
Natura: Sách giấy
Lingua:English
Pubblicazione: London : David Campbell , 1992
Tags: Aggiungi Tag
Nessun Tag, puoi essere il primo ad aggiungerne! !
Thư viện lưu trữ: Thư viện Trường Đại học Đà Lạt
LEADER 00546nam a2200241 4500
001 DLU020018053
005 ##5/10/2001
020 # # |a 978- 
041 # # |a eng 
082 # # |a 891.73  |b LE-M 
100 # # |a Lermontov, Mikhail 
245 # # |a A hero of our time /  |c Mikhail Lermontov 
260 # # |a London :  |b David Campbell ,  |c 1992 
300 # # |a 191 tr., XXX;   |c 21 cm. 
992 # # |a 0 
994 # # |a DLU 
900 # # |a False 
911 # # |a Administrator 
925 # # |a G 
926 # # |a A 
927 # # |a SH 
980 # # |a Thư viện Trường Đại học Đà Lạt